Markreaktionen hos sydsvenska jordar. (Record no. 28499)
[ view plain ]
| 000 -LEADER | |
|---|---|
| fixed length control field | 00985cam a22002891 4500 |
| 001 - CONTROL NUMBER | |
| control field | gs 50000260 |
| 003 - CONTROL NUMBER IDENTIFIER | |
| control field | DLC |
| 005 - DATE AND TIME OF LATEST TRANSACTION | |
| control field | 20260227111357.0 |
| 008 - FIXED-LENGTH DATA ELEMENTS--GENERAL INFORMATION | |
| fixed length control field | 891017s1950 sw ab b 000 0 swe c |
| 010 ## - LIBRARY OF CONGRESS CONTROL NUMBER | |
| LC control number | gs 50000260 |
| 035 ## - SYSTEM CONTROL NUMBER | |
| System control number | (OCoLC)20504121 |
| 040 ## - CATALOGING SOURCE | |
| Original cataloging agency | U.S. Geol. Survey. Libr. |
| Transcribing agency | CU |
| Modifying agency | CU |
| -- | DLC |
| 041 0# - LANGUAGE CODE | |
| Language code of text/sound track or separate title | swe |
| Language code of summary or abstract | eng |
| 042 ## - AUTHENTICATION CODE | |
| Authentication code | premarc |
| 050 00 - LIBRARY OF CONGRESS CALL NUMBER | |
| Classification number | QE282 |
| Item number | .A3 ser. C, no. 500 |
| 082 ## - DEWEY DECIMAL CLASSIFICATION NUMBER | |
| Classification number | 554.85 |
| 100 1# - MAIN ENTRY--PERSONAL NAME | |
| Personal name | Arrhenius, Olof, |
| Dates associated with a name | 1895- |
| 245 00 - TITLE STATEMENT | |
| Title | Markreaktionen hos sydsvenska jordar. |
| 260 ## - PUBLICATION, DISTRIBUTION, ETC. | |
| Place of publication, distribution, etc. | Stockholm, |
| Name of publisher, distributor, etc. | Norstedt, |
| Date of publication, distribution, etc. | 1950. |
| 300 ## - PHYSICAL DESCRIPTION | |
| Extent | 16 p. |
| Other physical details | illus., 5 fold. maps. |
| Dimensions | 24 cm. |
| 490 1# - SERIES STATEMENT | |
| Series statement | Sveriges geologiska undersökning. Ser. C. Avhandlingar och uppsatser, |
| Volume/sequential designation | n:o 500. Årsbok 42 (1948) n:o 9 |
| 500 ## - GENERAL NOTE | |
| General note | Summary: Soil acidity in southern Sweden. |
| 504 ## - BIBLIOGRAPHY, ETC. NOTE | |
| Bibliography, etc. note | "Litteratur": p. 16. |
| 650 #0 - SUBJECT ADDED ENTRY--TOPICAL TERM | |
| Topical term or geographic name entry element | Soils |
| Geographic subdivision | Sweden. |
| 830 #0 - SERIES ADDED ENTRY--UNIFORM TITLE | |
| Uniform title | Ser. C--Avhandlingar och uppsatser ; |
| Volume/sequential designation | n:o 500. |
| 830 #0 - SERIES ADDED ENTRY--UNIFORM TITLE | |
| Uniform title | Årsbok (Sveriges geologiska undersökning) ; |
| Volume/sequential designation | 42 : n:o 9. |
No items available.